ბათუმის შოთა რუსთაველის სახელმწიფო უნივერსიტეტის ბიბლიოთეკა

თხზულებანი ოთხ ტომად.ტ.IV.1. (ბიბ.ჩანაწერი № 50383)

000 -LEADER
fixed length control field 00885nam a2200205Ia 4500
001 - CONTROL NUMBER
control field 17324
003 - CONTROL NUMBER IDENTIFIER
control field GE_BSU
008 - FIXED-LENGTH DATA ELEMENTS--GENERAL INFORMATION
fixed length control field 181216s||||||||xx |||||||||||||| ||und||
040 ## - CATALOGING SOURCE
Transcribing agency GE_BSU
080 ## - UNIVERSAL DECIMAL CLASSIFICATION NUMBER
Universal Decimal Classification number 811.353.1'373+81'374(038)=353.1
100 ## - MAIN ENTRY--PERSONAL NAME
Personal name ორბელიანი,სულხან-საბა
245 ## - TITLE STATEMENT
Title თხზულებანი ოთხ ტომად.ტ.IV.1.
245 ## - TITLE STATEMENT
Statement of responsibility, etc. ავტოგრაფული ნუსხების მიხედვით გამოსაცემად მოამზადა ილია აბულაძემ; მხატვ.ვლ.ქუთათელაძე.
260 ## - PUBLICATION, DISTRIBUTION, ETC.
Place of publication, distribution, etc. თბილისი
260 ## - PUBLICATION, DISTRIBUTION, ETC.
Name of publisher, distributor, etc. საბჭ.საქართველო
260 ## - PUBLICATION, DISTRIBUTION, ETC.
Date of publication, distribution, etc. 1965
300 ## - PHYSICAL DESCRIPTION
Extent 638გვ;22სმ.
653 ## - INDEX TERM--UNCONTROLLED
Uncontrolled term თხზულებანი ოთხ ტომად.ტ.IV.1.
942 ## - ADDED ENTRY ELEMENTS (KOHA)
Koha item type წიგნი
ეგზემპლარები
Withdrawn status Lost status Damaged status Not for loan Date acquired Barcode Date last seen Price effective from Koha item type
        2018-12-17 19358 2018-12-17 2018-12-17 წიგნი
        2018-12-17 19359 2018-12-17 2018-12-17 წიგნი
        2018-12-17 19360 2018-12-17 2018-12-17 წიგნი